Little in the Answers - Statistics

General Stats
  • This quiz has been taken 63,039 times
    16,262 since last reset
  • The average score is 13 of 20
Answer Stats
Clue Answer % Correct
Hans Christian Andersen fairy tale turned into a Disney movie The Little Mermaid
90%
Kid's baseball association Little League
81%
Capital of Arkansas Little Rock
81%
Constellation also known as Ursa Minor Little Dipper
77%
Robin Hood's second in command Little John
72%
Pizza chain Little Caesars
71%
Is short and stout, with a handle and a spout Little teapot
71%
Atomic bomb dropped on Hiroshima Little Boy
70%
Louisa May Alcott book Little Women
68%
Oh, ye of ______ _____ Little faith
66%
Period of colder temperatures that lasted from roughly 1450–1850 AD Little Ice Age
66%
Cuban neighborhood in Miami Little Havana
65%
She sat on a tuffet Little Miss Muffet
64%
She lost her sheep Little Bo Peep
63%
Manhattan neighborhood where John Gotti had his headquarters Little Italy
63%
E. B. White's talking mouse Stuart Little
58%
"Good golly, Miss Molly!", he sang Little Richard
47%
Alanis Morissette album: "Jagged ____ ____" Little Pill
46%
Versatile piece of women's clothing designed by Coco Chanel Little black dress
44%
Alexander Pope quote about midwits: "A ____ _______ is a dangerous thing" Little learning
33%
No matching quizzes found
Score Distribution
Percent of People with Each Score
Percentile by Number Answered
Your Score History
You have not taken this quiz since the last reset